Diario de sombras / (Record no. 179375)

MARC details
000 -LEADER
campo de control de longitud fija 00664nam a2200205 i 4500
001 - NÚMERO DE CONTROL
campo de control 179375
003 - IDENTIFICADOR DE NÚMERO DE CONTROL
campo de control ES-MaACL
005 - FECHA Y HORA DE LA ÚLTIMA TRANSACCIÓN
campo de control 20240513100914.0
008 - DATOS DE LONGITUD FIJA--INFORMACIÓN GENERAL
campo de control de longitud fija 111111s1999 sp af |||| | spa d
080 ## - NÚMERO DE LA CLASIFICACIÓN DECIMAL UNIVERSAL
Número de la Clasificación Decimal Universal 75 Saborit, José
100 1# - ENTRADA PRINCIPAL--NOMBRE DE PERSONA
Nombre de persona Saborit, José.
9 (RLIN) 148518
245 10 - MENCIÓN DEL TÍTULO
Título Diario de sombras /
Mención de responsabilidad, etc. [José Saborit].
260 ## - PUBLICACIÓN, DISTRIBUCIÓN, ETC.
Lugar de publicación, distribución, etc. Valencia :
Nombre del editor, distribuidor, etc. Estudio Russafa,
Fecha de publicación, distribución, etc. [1999]
300 ## - DESCRIPCIÓN FÍSICA
Extensión [14] p. :
Otras características físicas il. ;
Dimensiones 16 cm.
505 8# - NOTA DE CONTENIDO CON FORMATO
Nota de contenido con formato Contiene: ;
Título En la sobremesa de la pintura /
Mención de responsabilidad David Pérez
600 14 - PUNTO DE ACCESO ADICIONAL DE MATERIA--NOMBRE DE PERSONA
Nombre de persona Saborit, José.
9 (RLIN) 148518
700 1# - ENTRADA AGREGADA--NOMBRE PERSONAL
Nombre de persona Pérez, David,
Fechas asociadas al nombre 1958-
9 (RLIN) 148519
852 ## - LOCALIZACIÓN
Ubicación ES-MaACL
Número de control de estantería 2307-F-5
Nota libre . - Donativo M. A. Velasco
Holdings
Estatus retirado Estado de pérdida Estado de daño No para préstamo Colección Biblioteca de origen Biblioteca actual Ubicación en estantería Fecha de adquisición Fuente de adquisición Total de préstamos Signatura topográfica completa Código de barras Visto por última vez Precio de reemplazo Tipo de ítem Koha
        Colección de folletos Biblioteca del Ateneo de Madrid Biblioteca del Ateneo de Madrid Depósito folletos 11/11/2011     2307-F-5 1188438 23/02/2023 23/02/2023 Folleto